| 000 | 01504cam a2200313 4500 | ||
|---|---|---|---|
| 001 | ABS64023 | ||
| 008 | 000000n2001 000 0 eng u | ||
| 035 | _a(Sirsi) u112756 | ||
| 100 | _aPenning-Rowsell, E | ||
| 245 | _aSpecial feature: planning and flooding | ||
| 260 | _c2001 | ||
| 490 |
_aTown & Country Planning _v70(4) April 2001, 108-115(8) |
||
| 520 | _aSpecial report looking at the causes of and government response to recent flooding in the UK. Discusses the second consultation draft of "PPG25: Development and flood risk" which includes the introduction of a new sequential test, and outlines the flood defence responsibilities of MAFF and the Environment Agency. Considers the impact of global climate change as a contributory factor to the flooding, and demonstrates how changes in drainage systems, agricultural land use and urban development have also increased flood risk. Concludes with the experience of East Sussex CC in the wake of the Autumn 2000 floods. | ||
| 650 | _aFLOOD RISK | ||
| 650 | _aEAST SUSSEX | ||
| 650 | _aSEQUENTIAL TEST | ||
| 650 | _aFLOOD DEFENCE | ||
| 650 | _aFLOOD PLAINS | ||
| 650 | _aDEVELOPMENT | ||
| 650 | _aPLANNING GUIDANCE | ||
| 650 | _aDRAINAGE | ||
| 650 | _aPROPERTY-RURAL AND NATURAL ASSETS-AGRICULTURAL PROPERTY-AGRICULTURAL LAND | ||
| 650 |
_aLand use _96251 |
||
| 650 | _aCLIMATE CHANGE | ||
| 650 | _aPPG25 | ||
| 650 | _aFLOODING | ||
| 690 | _aENVIRONMENTAL AND LAND CONSULTANCY-PLANNING AND DEVELOPMENT | ||
| 942 | _n0 | ||
| 999 |
_c67138 _d67138 |
||